Šok z prosperity : čítanka z globální problematiky / na publikaci spolupracovaly Přírodovědecká fakulta Univerzity Palackého, Spoločnosť pre trvalo udržateľný život Bratislava, Společnost pro trvale udržitelný život Olomouc ; [editoři Pavel Nováček, Mikuláš Huba]
Record details
- ISBN: 80-7067-530-6
- Physical Description: 235 s. ; 21 cm
- Publisher: Olomouc : Vydavatelství Univerzity Palackého, 1995
Content descriptions
| General Note: | Část. slov. text Volně navazuje na stejnojmenný titul vyd. Spoločnosťou pre trvalo udržateľný život Bratislava 1995 Obsahuje stati přel. převážně z angl. |
Search for related items by subject
| Subject: | trvale udržitelný život > 20. století globální problémy > 20. století |
| Genre: | sborníky |
Available copies
- 1 of 1 copy available at Common Catalog SPOK.
Holds
- 0 current holds with 1 total copy.
Show Only Available Copies
| Location | Call Number / Copy Notes | Barcode | Shelving Location | Status | Due Date |
|---|---|---|---|---|---|
| Varianty | Cho Šo | 4605401358 | Šafaříkova 17 - 5. patro, chodba | Available | - |
Electronic resources
Version of Resource: Digitalizovaný dokument
| LDR | 02035nam a2200445 a 4500 | ||
|---|---|---|---|
| 001 | 31872 | ||
| 003 | CZ-PrJAB | ||
| 005 | 20190524133605.0 | ||
| 007 | tu | ||
| 008 | 950814s1995 xr e 000 0 cze | ||
| 015 | . | ‡acnb000108618 | |
| 020 | . | ‡a80-7067-530-6 ‡q(brož.) | |
| 035 | . | ‡a(CZ PrNK)np9545021 | |
| 035 | . | ‡a(OCoLC)36613361 | |
| 040 | . | ‡aABA001 ‡bcze | |
| 041 | 1 | . | ‡acze ‡aslo ‡heng |
| 045 | . | ‡ax5y- | |
| 080 | . | ‡a304 ‡2undef | |
| 080 | . | ‡a308 ‡2undef | |
| 080 | . | ‡a008 ‡2undef | |
| 080 | . | ‡a316 ‡2undef | |
| 245 | 0 | 0. | ‡aŠok z prosperity : ‡bčítanka z globální problematiky / ‡cna publikaci spolupracovaly Přírodovědecká fakulta Univerzity Palackého, Spoločnosť pre trvalo udržateľný život Bratislava, Společnost pro trvale udržitelný život Olomouc ; [editoři Pavel Nováček, Mikuláš Huba] |
| 260 | . | ‡aOlomouc : ‡bVydavatelství Univerzity Palackého, ‡c1995 ‡e(Olomouc : ‡fMediabelle) | |
| 300 | . | ‡a235 s. ; ‡c21 cm | |
| 500 | . | ‡aČást. slov. text | |
| 500 | . | ‡aVolně navazuje na stejnojmenný titul vyd. Spoločnosťou pre trvalo udržateľný život Bratislava 1995 | |
| 500 | . | ‡aObsahuje stati přel. převážně z angl. | |
| 648 | 7. | ‡a20. století ‡7ch460558 ‡2czenas | |
| 650 | 0 | 7. | ‡atrvale udržitelný život ‡7ph126769 ‡y20. století ‡2czenas |
| 650 | 0 | 7. | ‡aglobální problémy ‡7ph114633 ‡y20. století ‡2czenas |
| 653 | 0 | . | ‡aekologická krize ‡aekonomická krize ‡ahodnotová orientace ‡ainternacionalizace ‡amegatrendy ‡asociální krize ‡aspolečnost znalostí |
| 655 | 7. | ‡asborníky ‡7fd163935 ‡2czenas | |
| 700 | 1 | . | ‡aHuba, Mikuláš, ‡d1954- ‡7mzk2003186088 ‡4edt |
| 700 | 1 | . | ‡aNováček, Pavel, ‡d1961- ‡7jn20000401884 ‡4edt |
| 710 | 2 | . | ‡aUniverzita Palackého. ‡bPřírodovědecká fakulta ‡7kn20010709377 |
| 710 | 2 | . | ‡aSpolečnost pro trvale udržitelný život (Olomouc) |
| 710 | 2 | . | ‡aSpoločnosť pre trvalo udržateľný život ‡7ko2003183627 |
| 856 | 4 | 1. | ‡uhttp://krameriusndk.nkp.cz/search/handle/uuid:7541f8a0-7411-11e2-abbe-005056827e51 ‡yDigitalizovaný dokument |
| 910 | . | ‡aABH006 | |
| 901 | . | ‡a31872 ‡b ‡c31872 ‡tbiblio | |